000
00264nam a2200109Ia 4500
082
_a
916,8 RISS
245
0
_a
Rissik,Dee.
100
_a
Cultureshock! South africa
_9
16697
942
_c
BK
020
_a
9780761454168"
008
210816s9999 xx 000 0 und d
999
_c
81058
_d
81057